Aplikácia metaheuristických prístupov na riešenie sekvenčných problémov diplomová práca

Gespeichert in:
Bibliographische Detailangaben
1. Verfasser: Urbanič, Peter
Körperschaft: Fakulta hospodárskej informatiky EU. Katedra operačného výskumu a ekonometrie
Weitere Verfasser: Brezina, Ivan, 1963-
Format: Buch
Sprache:Slowakisch
Veröffentlicht: Bratislava 2012
Tags: Tag hinzufügen
Keine Tags, Fügen Sie das erste Tag hinzu!

MARC

LEADER 00000nbm a2200000 4500
001 0154704
005 20161109102139.0
041 0 |a slo 
044 |a SK 
245 1 0 |a Aplikácia metaheuristických prístupov na riešenie sekvenčných problémov  |b diplomová práca  |c Peter Urbanič ; školiteľ: Ivan Brezina 
264 1 |a Bratislava  |c 2012 
300 |a 54 s. 
100 1 |a Urbanič, Peter 
700 1 |a Brezina, Ivan, 1963- 
710 2 |a Fakulta hospodárskej informatiky EU. Katedra operačného výskumu a ekonometrie